Mathematics and Computers in Simulation
Na minha lista:
| Formato: | Periódico |
|---|---|
| Publicado em: |
1978
|
| Tags: |
Sem tags, seja o primeiro a adicionar uma tag!
|
MARC
| LEADER | 00000nas a22000003a 4500 | ||
|---|---|---|---|
| 001 | stu67739 | ||
| 005 | 20141121232753.1 | ||
| 008 | 011106s1978----------------------------d | ||
| 040 | |a STU |b slo | ||
| 041 | 0 | ||
| 245 | |a Mathematics and Computers in Simulation | ||
| 260 | |c 1978 | ||
| 500 | |a 1978 | ||
| 500 | |a 1-4 | ||
| 500 | |a 4 | ||
| 773 | 0 | |t Mathematics and Computers in Simulation |w stu_us_cat*stu67737 |7 nnas | |
| 996 | |d Vol. 20, 1978 |v Vol. 20 |y 1978 |l II680 |s A |a 24 |w stu67739_0001 | ||